书目信息 |
| 题名: |
物理化学全析精解
|
|
| 作者: | 许国根 编 | |
| 分册: | ||
| 出版信息: | 西安 西北工业大学出版社 2006.12 |
|
| 页数: | 443页 | |
| 开本: | 21cm | |
| 丛书名: | 全析丛书 | |
| 单 册: | ||
| 中图分类: | O64 | |
| 科图分类: | ||
| 主题词: | 物理化学--wu li hua xue--高等学校--教学参考资料 | |
| 电子资源: | ||
| ISBN: | 7-5612-2024-3 | |
| 000 | 00910nam 2200253 450 | |
| 001 | 012008031046 | |
| 005 | 20080229103450.28 | |
| 010 | @a7-5612-2024-3@dCNY26.00 | |
| 100 | @a20080229d2006 em y0chiy0120 ea | |
| 101 | 0 | @achi |
| 102 | @aCN@b610000 | |
| 105 | @ay z 000yy | |
| 106 | @ar | |
| 200 | 1 | @a物理化学全析精解@Awu li hua xue quan xi jing jie@e高教·第四版@f许国根编@Fxu guo gen bian |
| 210 | @a西安@c西北工业大学出版社@d2006.12 | |
| 215 | @a443页@d21cm | |
| 225 | 2 | @a全析丛书@Aquan xi cong shu |
| 330 | @a本书是为学习物理化学课程的学生而编写的参考书;内容包括热力学定律,相平衡,化学动力学,界面现象等;每章又包括内容点睛、常考题型、习题精解等。本书还可供有关人员使用。 | |
| 410 | 0 | @12001 @a全析丛书 |
| 606 | 0 | @a物理化学@Awu li hua xue@x高等学校@j教学参考资料 |
| 690 | @aO64@v4 | |
| 701 | 0 | @a许国根@Axu guo gen@4编 |
| 801 | 0 | @aCN@bQSSK@c20080229 |
| 905 | @b281851-53@dO64@eX861@f3 | |
| 物理化学全析精解:高教·第四版/许国根编.-西安:西北工业大学出版社,2006.12 |
| 443页;21cm.-(全析丛书) |
| ISBN 7-5612-2024-3:CNY26.00 |
| 本书是为学习物理化学课程的学生而编写的参考书;内容包括热力学定律,相平衡,化学动力学,界面现象等;每章又包括内容点睛、常考题型、习题精解等。本书还可供有关人员使用。 |
| ● |
| 相关链接 |
|
|
|
正题名:物理化学全析精解
索取号:O64/X861
 
预约/预借
| 序号 | 登录号 | 条形码 | 馆藏地/架位号 | 状态 | 备注 |
| 1 | 281851 | 202818512 | 自科库401/401自科库 64排1列3层/ [索取号:O64/X861] | 在馆 | |
| 2 | 281852 | 202818521 | 自科库401/401自科库 64排1列3层/ [索取号:O64/X861] | 在馆 | |
| 3 | 281853 | 202818530 | 自科库401/401自科库 64排1列3层/ [索取号:O64/X861] | 在馆 |